Instrucción cívica (Registro nro. 299756)

Detalles MARC
000 -ENCABEZADO
Número de control [NR] 01562nam a22002297a 4500
005 - FECHA Y HORA DE LA ÚLTIMA TRANSACCIÓN
control field 20150901133034.0
008 - DE LONGITUD FIJA DE DATOS DE ELEMENTOS - INFORMACIÓN GENERAL
Elementos de longitud fija [NR] 150520s1926 ck ||||fr|||| 001 0 spa d
040 ## - FUENTE DE CATALOGACION [NR]
Quien Cataloga Sandra Yazo
Quien Clasifica Sandra Yazo
041 0# - CODIGO DE IDIOMA [R]
Código de idioma para texto/pista de sonido o título separado [R] Español
082 04 - NUMERO DE CLASIFICACION DECIMAL DEWEY [R]
Número de la edición [NR] 20
Número de clasificación [R] 372.83
092 ## - SIGNATURA TOPOGRAFICA LOCAL
Número de clasificación local E35N004
100 1# - ASIENTO PRINCIPAL--NOMBRE PERSONAL [NR]
Nombre personal [NR] Lleras Acosta, Carlos Alberto
ID Autoridad 70264
245 10 - MENCION DE TITULO [NR]
Título [NR] Instrucción cívica
Mención de responsabilidad, etc. [NR] Carlos Alberto Lleras Acosta
260 ## - PUBLICACION, DISTRIBUCION, ETC. (PIE DE IMPRENTA) [R]
Lugar de publicación, distribución, etc. [R] Bogotá (Colombia)
Nombre del editor, distribuidor, etc. [R] Talleres de Ediciones Colombia
Fecha de publicación, distribución, etc. [R] 1926
300 ## - DESCRIPCION FISICA [R]
Extensión [R] 247 páginas, [1] hoja plegada
Dimensiones [R] 17 x 12 cm.
500 ## - NOTA GENERAL [R]
Nota general [NR] Detalles físicos: Encuadernación rígida en cartón forrado en papel. Lomo en tela. Tapas con impresión de los datos de la portada. Guarda con una anotación manuscrita. Portada impresa en una sola tinta. Dedicatoria. Texto en una columna. Ejemplar en buen estado de conservación. Al final una hoja plegada.
505 1# - NOTA DE CONTENIDO CON FORMATO PREESTABLECIDO [R]
Nota de contenido con formato preestablecido [NR] Prólogo ; Lección I – XXXIV: Generalidades ; Patria ; Respeto ; Deber y derecho ; El carácter ; Respecto a Dios ; Respeto a sí mismo ; La inmoralidad ; El juego ; La higiene ; Deberes para con los demás ; Comunismo y socialismo ; La familia ; Constitución ; La sociedad ; Nación, estado, soberanía, etc. ; El orden público ; La acción social ; El ahorro ; Mutualidades. Seguro ; La ley ; Gobierno ; Ministerios ; Poder legislativo ; Poder judicial ; Poder electoral ; Administración departamental ; Administración municipal.
506 ## - NOTA DE RESTRICCIONES DE ACCESO [R]
Condiciones de acceso [NR] Consulta en sala.
650 #7 - ASIENTO SECUNDARIO DE MATERIA - TERMINO TEMATICO [R]
9 (RLIN) 13788
Término temático o nombre geográfico como elemento de entrada [NR] Educación cívica
690 ## - ASUNTO AGREGADO LOCAL DE ENTRADA - TÉRMINO TEMÁTICO (OCLC, RLIN)
9 (RLIN) 42799
Acceso temático local Educación superior
942 ## - ELEMENTOS DE ENTRADA AGREGADOS (KOHA)
Sistema de clasificación LOCAL
Tipo de ítem principal el descrito en 300a Libro
Edición 1
Clasificación E35N004
Existencias
Suprimido Perdido Sistema de clasificación Dañado No prestable Tipo de ítem específico Ubicación habitual Ubicación actual Localización Fecha de creación Forma de adquisición Costo Total préstamos Signatura topográfica Código de barras Última vez visto Ejemplar Price effective from Tipo de ítem
    LOCAL     Libro archivo Archivo Histórico Archivo Histórico Archivo histórico 20/05/2015 Donación 0.00   E35N004 L004838 20/05/2015 Ej.1 20/05/2015 Libro
    LOCAL     Libro archivo Archivo Histórico Archivo Histórico Archivo histórico 16/07/2015 Donación 0.00   E35N004 L004964 16/07/2015 Ej.2 16/07/2015 Libro